000 00291nam a22001217a 4500
040 _cHS
082 _a333 CLI 2001 C085
100 _aCLIFFORD S. RUSSELL
245 _aApplying Economics to the Environment
260 _aNew York
_bCLIFFORD S. RUSSELL
_c2001
300 _a383p;
942 _cEK
999 _c11051
_d11051